<?xml version="1.0" encoding="UTF-8"?>
<marc:record xmlns:marc="http://www.loc.gov/MARC21/slim">
   <marc:leader>00000nam a2200000 a 4500</marc:leader>
   <marc:datafield ind1="0" ind2="0" tag="245">
      <marc:subfield code="a">Ich trag dich bis ans Ende der Welt</marc:subfield>
   </marc:datafield>
   <marc:datafield ind1=" " ind2="1" tag="264">
      <marc:subfield code="b">MCP Sound &amp; Media</marc:subfield>
   </marc:datafield>
   <marc:datafield ind1="1" ind2=" " tag="490">
      <marc:subfield code="a">3</marc:subfield>
   </marc:datafield>
   <marc:datafield ind1="1" ind2=" " tag="520">
      <marc:subfield code="a">Eine Reise der Seele ist die Pilgerfahrt auf dem berühmten Jakobsweg. Denn der Weg unter den Sternen der Milchstraße bedeutete nicht nur eine körperliche, sondern vor allem eine spirituelle Herausforderung: diese Reise führt weit zurück in die Vergangenheit - bis zum Beginn der Menschheit.</marc:subfield>
   </marc:datafield>
   <marc:datafield ind1=" " ind2=" " tag="020">
      <marc:subfield code="a">9002986622659</marc:subfield>
      <marc:subfield code="9">9002986622659</marc:subfield>
   </marc:datafield>
   <marc:datafield ind1="0" ind2=" " tag="490">
      <marc:subfield code="v">0</marc:subfield>
   </marc:datafield>
   <marc:datafield ind1=" " ind2=" " tag="300">
      <marc:subfield code="a">ca. 88 Min.</marc:subfield>
   </marc:datafield>
</marc:record>
